000 01221cam a22002895i 4500
999 _c11549
_d11549
001 19368385
003 OSt
005 20191018163425.0
008 161109s2016 rh b 001 0 eng
010 _a 2015334643
020 _a9780797472273
040 _aDLC
_beng
_cDLC
_erda
042 _alcode
050 0 0 _aPL8681.5
_b.K345 2016
100 1 _aKahari, George P.
245 1 4 _aThe odyssey of Shona imaginative narratives :
_ba collation and collection of published/unpublished articles and addresses to local and international conferences, 1964-2016 /
_cGeorge P. Kahari, B.A (Unisa), Dip.Ed (Leeds), M.A (Sheffield), Ph.D (Zimbabwe), HonDL (IBC.Cambridge, England), Emeritus Professor.
264 1 _bSable Press (Pvt) Ltd.,
300 _aiv, 466 pages ;
_c21cm
504 _aIncludes bibliographical references (pages 393-440) and index.
650 0 _aShona fiction
_xHistory and criticism.
650 0 _aShona literature
_xHistory and criticism.
906 _a7
_bcbc
_corigode
_d3
_encip
_f20
_gy-gencatlg
942 _2lcc
_cOS
_hPL86.81.K345